00573nam a22001817a 450000500170000001000130001702000260003003500120005603700160006808200080008410000340009224500700012624600420019626000530023827000580029130000200034970000220036920221007104500.0 aUR-11737 a9789393785350c300.00 aU-10292 bDBAD/PUBa- a841 aمرتب ۔ سنجے کمار aدیوان نسیم /cمرتب ۔ سنجے کمارhا ر د و aDiwan-E-Naseem /bed. by Sanjay Kumar aNew DelhibEducational Publishing Housec2022 ء aH.O. D1/16, Ansari Road, DaryaganjbNew Delhie110002 a202صc22cm(Hb) aسنجے کمار